Statystyki dla 11 Najważniejszych dat II Wojny Światowej!

Kliknij tutaj aby rozwiązać quiz!

Ogólne statystyki

  • Ten quiz został rozwiązany 28 razy
    (27 od ostatniego zresetowania)
  • Średni wynik to 4 z 11

Statystyki odpowiedzi

WydarzenieData% Poprawnych
Atak Niemiec na Polskę1 Września 1939
100%
Rozpoczęcie Bitwy o AnglięLipiec 1940
48%
Atak na Pearl Harbor7 Grudnia 1941
43%
Poddanie się Niemiec8 Maja 1945
43%
Podpisanie aktu bezwarunkowej kapitulacji przez Japonię, koniec wojny2 Września 1945
39%
Rozpoczęcie operacji BarbarossaCzerwiec 1941
35%
Dołączenie USA do wojny8 Grudnia 1941
30%
Koniec Bitwy StalingradzkiejLuty 1943
22%
Operacja Overlord jej celem było odbicie ParyżaCzerwiec 1944
17%
Lądowanie aliantów na SycyliiLipiec 1943
17%
Bitwa o MidwayCzerwiec 1942
13%

Rozkład punktacji

Percentyl według liczby udzielonych odpowiedzi

Procent ludzi z każdym wynikiem

Twoja historia wyników

Nie rozwiązałeś tego quizu od ostatniego zresetowania